[Event "WYG12"]
[Site "Batumi GEO"]
[Date "2006.10.25"]
[Round "7"]
[White "Arabidze,M"]
[Black "Baciu,D"]
[Result "1/2-1/2"]
[WhiteElo "2107"]
[BlackElo "1898"]

1.d4 Nf6 2.c4 e6 3.g3 d5 4.Bg2 Be7 5.Nf3 O-O 6.O-O dxc4 7.Ne5 Nc6 8.Nxc6 bxc6
9.Bxc6 Rb8 10.Nc3 Bb7 11.Bxb7 Rxb7 12.e4 Qd7 13.e5 Nd5 14.Qe2 Qc6 15.Be3 Nb4
16.a3 Nd3 17.b4 a5 18.b5 Qd7 19.Qa2 c5 20.dxc5 Nxc5 21.Qxc4 Rc8 22.Rfd1 Qc7
23.Bd4 Qb8 24.Qa2 Nd7 25.Qe2 Bc5 26.Bxc5 Rxc5 27.Rac1 Rxe5 28.Qd3 Rc5 29.a4 h6
30.Ne4 Rd5 31.Qc3 Nb6 32.Rxd5 exd5 33.Nc5 Rc7 34.Qd4 Qc8 35.Rc3 Nd7 36.Nxd7 Rxc3
37.Qxd5 Rc7 38.Ne5 Rc1+ 39.Kg2 Qe6 40.Qd8+ Kh7 41.Qd3+ g6 42.Nc6 Qc4 43.Qxc4 Rxc4
44.Nxa5 Rxa4 45.Nc6 Ra3 46.Ne5 f6 47.Nd7 Kg7 48.h4 Rb3 49.b6 Kf7 50.Kh3 Ke7
51.Nc5 Rxb6 52.Nd3 f5 53.Nf4 Kf7 54.Kg2 Rb3 55.Ne2 Kf6 56.Nf4 g5 57.hxg5+ Kxg5
58.Ne2 Kg4 59.Nd4 Rb2 60.Nf3 h5 61.Ne5+ Kg5 62.Nf3+ Kf6 63.Ne1 Rb3 64.Nf3 Ra3
65.Nd2 Rd3 66.Nf3 Rc3 67.Nh4 Rc4 68.Nf3 Rg4 69.Nh2 Rg8 70.Kf3 Ke5 71.Nf1 Rg7
72.Ne3 Rc7 73.Nd1 Rc4 74.Ne3 Re4 75.Ng2 Ra4 76.Nf4 Ra3+ 77.Kg2 Kf6 78.Nxh5+ Kg5
79.Nf4 Ra4 80.Ne6+ Kf6 81.Nf4 Kg5 82.Nh3+ Kg4  1/2-1/2

[Event "WYG12"]
[Site "Batumi GEO"]
[Date "2006.10.27"]
[Round "10"]
[White "Arabidze,M"]
[Black "Jalabadze,N"]
[Result "1/2-1/2"]
[WhiteElo "2107"]
[BlackElo "1863"]

1.d4 Nf6 2.c4 e6 3.g3 d5 4.Bg2 Be7 5.Nf3 O-O 6.O-O dxc4 7.Qc2 a6 8.a4 Bd7
9.Nc3 Bc6 10.Rd1 Nbd7 11.e4 b5 12.d5 exd5 13.exd5 Bb7 14.Nd4 Nc5 15.Nc6 Bxc6
16.dxc6 Qb8 17.axb5 Qb6 18.bxa6 Rxa6 19.Rxa6 Qxa6 20.Qe2 Bd6 21.Bg5 Re8 22.Qc2 Ng4
23.Qf5 Ne5 24.Ne4 Nxe4 25.Bxe4 Ng6 26.Bd5 Rf8 27.Re1 Nh8 28.h4 h6 29.Bxh6 gxh6
30.Qg4+ Kh7 31.Be4+ Ng6 32.h5 Rg8 33.hxg6+ fxg6 34.Bd5 Rg7 35.Kg2 Qb5 36.Qd4 Qc5
37.Qd2 Qb4 38.Qc1 Qc5 39.Qd2 Qb4 40.Qc1 Qc5 41.Bf3 Re7 42.Rxe7+ Bxe7 43.Qf4 Qd6
44.Qf7+ Kh8 45.Bd5 Qd8 46.Bxc4 g5 47.Qg6 Qf8 48.Bd3 Qg7 49.Qe4 Bd6 50.b4 Qe7
51.Qg6 Qg7 52.Qe8+ Qf8 53.Qe4 Qe7 54.Qd4+ Qe5 55.Qc4 Kg7 56.b5 Bc5 57.Qg4 Bb6
58.Qd7+ Kf8 59.Qd8+ Kg7 60.Qd7+ Kf8 61.Bg6 Qf6 62.Bf5 Qe7 63.Qd5 Kg7 64.Qd7 Kf8
65.Qd3 Qf6 66.Qf3 Kg7 67.Qe4 Kf8 68.Kf3 Qc3+ 69.Kg2 Qd4 70.Qf3 Kg7 71.Bd3 Qf6
72.Qe2 Kf8 73.Be4 Kg7 74.Bf3 Kf8 75.Bh5 Kg7 76.Qc2 Kf8 77.Bf3 Kg7 78.Qd3 Qd4
79.Qe2 Qf6 80.Be4 Kf8  1/2-1/2

[Event "10th OIBM"]
[Site "Bad Wiessee GER"]
[Date "2006.11.04"]
[Round "1"]
[White "Kopylov,M"]
[Black "Hefter,F"]
[Result "1-0"]
[WhiteElo "2469"]
[BlackElo "2032"]

1.d4 d5 2.Nf3 Nf6 3.c4 e6 4.g3 Be7 5.Bg2 O-O 6.O-O c6 7.Qc2 Nbd7 8.Nbd2 Re8
9.e4 dxe4 10.Nxe4 Nxe4 11.Qxe4 c5 12.Rd1 Qb6 13.Qc2 cxd4 14.Nxd4 Bc5 15.Nb3 Bf8
16.Be3 Qc7 17.Rac1 Nc5 18.Nxc5 Bxc5 19.Qa4 Rf8 20.Bxc5 Qxc5 21.b4 Qe7 22.c5 h6
23.b5 Rd8 24.Qe4 g6 25.Qe5 f6 26.Qe3 Kg7 27.Rxd8 Qxd8 28.c6 Qe7 29.Qc5 Qxc5
30.Rxc5 bxc6 31.Rxc6 Rb8 32.Rc7+ Kf8 33.a4 a6 34.b6 Ke8 35.Bc6+ Kd8 36.a5 e5
37.Rh7  1-0

[Event "VII Rapid"]
[Site "El Sauzal ESP"]
[Date "2006.11.04"]
[Round "1"]
[White "Miton,K"]
[Black "Gomez Gonzalez,J"]
[Result "1-0"]
[WhiteElo "2638"]
[BlackElo "2112"]

1.d4 e6 2.c4 d5 3.Nf3 Nf6 4.g3 Be7 5.Bg2 b6 6.O-O Bb7 7.Ne5 O-O 8.Nc3 Nbd7
9.Qa4 Bd6 10.Nxd7 Qxd7 11.Qxd7 Nxd7 12.cxd5 exd5 13.Nxd5 Bxd5 14.Bxd5 Rae8
15.Bc6 Re7 16.Bg5 f6 17.Bf4 Bxf4 18.gxf4 Rd8 19.e3 Nf8 20.Rac1 Ng6 21.Rc3 f5
22.Rfc1 Rf7 23.Ba4 Re7 24.Rxc7 Rxc7 25.Rxc7 a5 26.Bb3+ Kh8 27.Be6 h6 28.Bxf5 Nh4
29.Be4 Re8 30.f3 b5 31.Kf2 b4 32.Kg3 g5 33.fxg5 hxg5 34.Kg4  1-0

[Event "VII Rapid"]
[Site "El Sauzal ESP"]
[Date "2006.11.05"]
[Round "9"]
[White "Miton,K"]
[Black "Spraggett,K"]
[Result "1-0"]
[WhiteElo "2638"]
[BlackElo "2610"]

1.d4 Nf6 2.c4 e6 3.g3 d5 4.Bg2 Be7 5.Nf3 O-O 6.O-O Nbd7 7.Qc2 c6 8.Nbd2 b6
9.e4 Bb7 10.cxd5 cxd5 11.e5 Ne8 12.Re1 Rc8 13.Qd3 Nc7 14.Nf1 a5 15.h4 Na6
16.a3 Nc7 17.Ng5 g6 18.Nh2 Ba6 19.Qd1 Nb5 20.Ng4 Rc6 21.Be3 Nc7 22.Qd2 h5
23.Nh2 Kg7 24.Rac1 Rxc1 25.Rxc1 Bc4 26.Nh3 Rh8 27.Nf3 a4 28.Bg5 b5 29.Nf4 Nb8
30.Bf1 Nc6 31.Bxe7 Qxe7 32.Bd3 Qd7 33.Bb1 Ne7 34.Ng5 Qc6 35.Rc3  1-0

[Event "Venetian Autumn"]
[Site "Venice ITA"]
[Date "2006.11.05"]
[Round "5"]
[White "Blagojevic,Dr"]
[Black "Drasko,M"]
[Result "1/2-1/2"]
[WhiteElo "2534"]
[BlackElo "2547"]

1.c4 e6 2.Nf3 Nf6 3.g3 d5 4.d4 Be7 5.Bg2 O-O 6.O-O c6 7.Qc2 b6 8.Rd1 Ba6
9.b3 Nbd7 10.Nbd2 c5 11.e4  1/2-1/2

[Event "TCh-ROM Divizia A Masculin"]
[Site "Predeal ROM"]
[Date "2006.11.08"]
[Round "5"]
[White "Cosma,I"]
[Black "Danilov,I"]
[Result "1/2-1/2"]
[WhiteElo "2466"]
[BlackElo "2367"]

1.d4 d5 2.c4 e6 3.Nf3 Nf6 4.g3 Be7 5.Bg2 O-O 6.O-O dxc4 7.Qc2 a6 8.a4 Bd7
9.Ne5 Nc6 10.Qxc4 Nxe5 11.dxe5 Nd5 12.Rd1 Qc8 13.Qg4 Kh8 14.Nd2 Bc6 15.Ne4 a5
16.Qh3 Nb4 17.Ng5 Bxg5 18.Bxg5 Bxg2 19.Kxg2 Nc6 20.f4 Qe8 21.Qg4 h6 22.Bh4 Ne7  1/2-1/2

[Event "10th OIBM"]
[Site "Bad Wiessee GER"]
[Date "2006.11.11"]
[Round "8"]
[White "Reefschlaeger,H"]
[Black "Kroencke,M"]
[Result "1-0"]
[WhiteElo "2324"]
[BlackElo "2189"]

1.d4 d5 2.c4 e6 3.g3 Nf6 4.Bg2 Be7 5.Nf3 O-O 6.O-O Nbd7 7.Qc2 c6 8.b3 b6
9.Rd1 Bb7 10.Nc3 Rc8 11.e4 dxe4 12.Nxe4 c5 13.Nxf6+ Bxf6 14.Ng5 Bxg5 15.Bxb7 Rc7
16.dxc5 bxc5 17.Bg2 Bxc1 18.Raxc1 Qe7 19.Rd2 Nf6 20.Rcd1 Rfc8 21.Qc3 h6 22.Qa5 Kh7
23.h3 Kg8 24.Kh2 Kh7 25.Rd3 Kg8 26.Qd2 Kh7 27.Bf3 Kg8 28.Kg2 Kf8 29.Kg1 Kg8
30.h4 h5 31.a4 Kh7 32.a5 Rb8 33.Rd8 Rb4 34.Qe3 g6 35.Ra8 Rd7 36.Rxd7  1-0

[Event "ch-CRO"]
[Site "Kutina CRO"]
[Date "2006.11.15"]
[Round "5"]
[White "Kozul,Z"]
[Black "Brumen,D"]
[Result "1-0"]
[WhiteElo "2589"]
[BlackElo "2368"]

1.d4 Nf6 2.c4 e6 3.Nf3 d5 4.g3 Be7 5.Bg2 O-O 6.O-O dxc4 7.Qc2 a6 8.a4 Nc6
9.Qxc4 Qd5 10.Nbd2 Rd8 11.e3 Qh5 12.Qc2 Bd7 13.Nc4 Nb4 14.Qb3 Bc6 15.Nfe5 Bxg2
16.Kxg2 c5 17.Bd2 b5 18.axb5 axb5 19.Na3 cxd4 20.Bxb4 Bxb4 21.Nc6 dxe3 22.Nxb4 Ng4
23.h3 Nxf2 24.Qxe3 Qxh3+ 25.Kxf2 Qh2+ 26.Kf3 Qxb2 27.Nac2 Rac8 28.Rad1 Re8
29.Rf2 h5 30.Kg2 f6 31.Rd7 Rc4 32.Nd3 Qc3 33.Nd4 e5 34.Nf5 Rg4 35.Qa7 Qc6+
36.Kh2 Kh8 37.Rxg7  1-0

[Event "1st GMA Cup"]
[Site "Manila PHI"]
[Date "2006.11.17"]
[Round "1"]
[White "Mikhalevski,V"]
[Black "Lomibao,S"]
[Result "1-0"]
[WhiteElo "2580"]
[BlackElo "2188"]

1.d4 d5 2.c4 e6 3.Nf3 Nf6 4.g3 Be7 5.Bg2 O-O 6.O-O b6 7.cxd5 exd5 8.Nc3 Bb7
9.Bg5 Nbd7 10.Ne5 Ne4 11.Bxe7 Qxe7 12.Nd3 Ndf6 13.Qc2 Rac8 14.Bh3 Nxc3 15.Qxc3 Ne4
16.Qb4 c5 17.Qa3 Rc7 18.Rac1 Bc8 19.Bg2 cxd4 20.Rxc7 Qxc7 21.Rc1 Qd7 22.Qb4 Ba6
23.Qxd4 Bxd3 24.Qxd3 Nf6 25.Qd4 h6 26.e3 Rc8 27.Rxc8+ Qxc8 28.Bxd5 Nxd5 29.Qxd5 Qc1+
30.Kg2 Qxb2 31.Qa8+ Kh7 32.Qxa7 Qf6 33.Qd7 Kg8 34.g4 g6 35.Qd5 Qh4 36.h3 Qf6
37.Kg3 Qe7 38.h4 Qc7+ 39.Kg2 Qe7 40.h5 Qh4 41.Qa8+ Kg7 42.Qf3 gxh5 43.gxh5 Qe7
44.Qd5 Kh7 45.Kg3 Qf6 46.Kg4  1-0

[Event "1st GMA Cup"]
[Site "Manila PHI"]
[Date "2006.11.18"]
[Round "3"]
[White "Mikhalevski,V"]
[Black "Villamayor,B"]
[Result "1-0"]
[WhiteElo "2580"]
[BlackElo "2430"]

1.d4 e6 2.c4 d5 3.Nf3 Nf6 4.g3 Be7 5.Bg2 O-O 6.O-O dxc4 7.Qc2 a6 8.a4 Bd7
9.Qxc4 Bc6 10.Bg5 Bd5 11.Qc2 Be4 12.Qc1 Nc6 13.Rd1 Nb4 14.Nc3 Bc6 15.a5 h6
16.Bxf6 Bxf6 17.e4 b6 18.d5 exd5 19.Nd4 Bb7 20.exd5 Re8 21.axb6 cxb6 22.Nc6 Bxc6
23.dxc6 Qe7 24.Ne4 Rac8 25.Nd6  1-0

[Event "1st GMA Cup"]
[Site "Manila PHI"]
[Date "2006.11.20"]
[Round "5"]
[White "Gonzales,Jay"]
[Black "Perena,C"]
[Result "1-0"]
[WhiteElo "2418"]
[BlackElo "2227"]

1.Nf3 Nf6 2.d4 d5 3.c4 e6 4.g3 Be7 5.Bg2 O-O 6.O-O b6 7.cxd5 Nxd5 8.e4 Nb4
9.a3 N4a6 10.Nc3 Bb7 11.Bf4 Nd7 12.Rc1 Nf6 13.Qe2 Ne8 14.Rfd1 c6 15.d5 cxd5
16.exd5 exd5 17.Nxd5 Bd6 18.b4 Kh8 19.Ng5 h6 20.Qh5 Kg8 21.Ne4 Bxf4 22.Nxf4 Qe7
23.Nd5 Bxd5 24.Qxd5 Nec7 25.Qb7 Rfe8 26.Nd6 Red8 27.Nf5 Rxd1+ 28.Rxd1 Qe5
29.Ne3 f5 30.Nc4 Qe2 31.Ne3 f4 32.gxf4 Re8 33.Bf3 Qb2 34.b5 Qxb5 35.Bc6 Qh5
36.Bxe8 Qxe8 37.f5 Qe7 38.Qc8+ Qe8 39.Rd8  1-0

[Event "37th National Chess Congress"]
[Site "Philadelphia USA"]
[Date "2006.11.24"]
[Round "1"]
[White "Bartell,T"]
[Black "Strenzwilk,D"]
[Result "1/2-1/2"]
[WhiteElo "2366"]
[BlackElo "2135"]

1.Nf3 d5 2.d4 e6 3.c4 Be7 4.g3 Nf6 5.Bg2 O-O 6.O-O c6 7.Qc2 Nbd7 8.Nbd2 b6
9.b3 Bb7 10.Bb2 Rc8 11.Rfd1 Qc7 12.e4 dxe4 13.Ng5 c5 14.Ndxe4 Nxe4 15.Nxe4 f5
16.Nd2 Bxg2 17.Kxg2 cxd4 18.Bxd4 e5 19.Bb2 Bc5 20.Nf3 e4 21.Ng5 Rfe8 22.Qd2 Nf6
23.Bxf6 gxf6 24.Qd5+ Kh8 25.Qxf5 fxg5 26.Rd7 Qxd7 27.Qxd7 Rcd8 28.Qf5 Rf8
29.Qe5+ Kg8 30.Qxg5+ Kh8 31.Qe5+ Kg8 32.b4 Rxf2+ 33.Kh1 Rdd2 34.bxc5 Rxh2+
35.Kg1 Rhg2+  1/2-1/2

[Event "75th ch-UKR m"]
[Site "Poltava UKR"]
[Date "2006.11.24"]
[Round "1.1"]
[White "Miroshnichenko,E"]
[Black "Zhornik,N"]
[Result "1-0"]
[WhiteElo "2627"]
[BlackElo "2377"]

1.d4 Nf6 2.c4 e6 3.g3 d5 4.Nf3 Be7 5.Bg2 O-O 6.O-O dxc4 7.Qc2 a6 8.Qxc4 b5
9.Qc2 Bb7 10.Bg5 Nbd7 11.Bxf6 Nxf6 12.Nbd2 Rc8 13.Nb3 Be4 14.Qc3 Nd5 15.Qd2 c5
16.Nxc5 Bxc5 17.dxc5 Rxc5 18.Rac1 Rxc1 19.Rxc1 Qb6 20.Qd4 Qxd4 21.Nxd4 Bxg2
22.Kxg2 Rb8 23.Nc6 Ra8 24.Ne5 f6 25.Nd3 Kf7 26.e4 Ne7 27.Rc7 a5 28.Kf3 e5
29.Ke3 Ke6 30.f4 exf4+ 31.gxf4 g6 32.Rb7 b4 33.Kd4 Nc6+ 34.Kc4 Ra7 35.Nc5+ Kd6
36.Rxa7 Nxa7 37.Nb7+ Ke6 38.Nxa5 f5 39.exf5+ Kxf5 40.Kxb4 Kg4 41.Kc5 Kh3
42.Nc6 Nc8 43.b4 Kxh2 44.Ne5 Kg3 45.b5 Kxf4 46.a4 Kxe5 47.a5 Ke6 48.b6 Kd7
49.a6 Nd6 50.a7 Nb7+ 51.Kd5  1-0

[Event "FSGM December"]
[Site "Budapest HUN"]
[Date "2006.12.04"]
[Round "3"]
[White "Ilincic,Z"]
[Black "Banusz,T"]
[Result "1-0"]
[WhiteElo "2451"]
[BlackElo "2450"]

1.d4 Nf6 2.c4 e6 3.Nf3 d5 4.g3 Be7 5.Bg2 O-O 6.O-O dxc4 7.Qc2 a6 8.a4 Bd7
9.Nbd2 Bc6 10.Nxc4 Be4 11.Qb3 Nc6 12.Be3 Nb4 13.Rfc1 a5 14.Nfe5 Bxg2 15.Kxg2 Qd5+
16.f3 Rfd8 17.Bf2 b6 18.e4 Qb7 19.Nxf7 Kxf7 20.Ne5+ Ke8 21.Qxe6 Rd6 22.Qf7+ Kd8
23.Qxg7 Ne8 24.Nf7+ Kc8 25.Nxd6+ Bxd6 26.Qf7 Kd8 27.g4 Be7 28.Bg3 Qa6 29.Rc4 c6
30.b3 Ra7 31.Qxh7 Rd7 32.Qh6 Nd6 33.Qh8+ Ne8 34.Rd1 Qb7 35.Qe5 Nd6 36.d5 c5
37.Qh8+ Ne8 38.d6 Bf6 39.Bh4 Bxh4 40.Qxh4+ Kc8 41.Qh8 Kd8 42.e5 Nd5 43.Qh6 Rf7
44.Qg5+ Kc8 45.e6  1-0

[Event "3rd Rapid Masters"]
[Site "Benidorm ESP"]
[Date "2006.12.07"]
[Round "2"]
[White "Kozul,Z"]
[Black "Madina,M"]
[Result "1-0"]
[WhiteElo "2589"]
[BlackElo "2262"]

1.d4 Nf6 2.Nf3 e6 3.c4 d5 4.g3 Be7 5.Bg2 O-O 6.O-O Nbd7 7.Qc2 c6 8.Nbd2 b5
9.c5 e5 10.dxe5 Ng4 11.Nb3 Ngxe5 12.Nxe5 Nxe5 13.Nd4 Bd7 14.a4 b4 15.Rd1 f5
16.a5 Qc7 17.b3 g6 18.Ra4 a6 19.Bd2 Rab8 20.Rxb4 Rxb4 21.Bxb4 Rb8 22.Bd2 Qa7
23.Bf4 Bf6 24.Qc3 Kf7 25.Nxf5 Bxf5 26.Bxe5 Bxe5 27.Qxe5 Rxb3 28.e4 dxe4 29.Bxe4 Qe7
30.Qxe7+ Kxe7 31.Bxf5 gxf5 32.Rd6 Rb5 33.Rxc6 Rxa5 34.Rh6 Rxc5 35.Rxh7+ Kf6
36.Rh6+  1-0

[Event "3rd Rapid Masters"]
[Site "Benidorm ESP"]
[Date "2006.12.08"]
[Round "4"]
[White "Kozul,Z"]
[Black "Delchev,A"]
[Result "1/2-1/2"]
[WhiteElo "2589"]
[BlackElo "2628"]

1.d4 Nf6 2.c4 e6 3.Nf3 d5 4.g3 Be7 5.Bg2 O-O 6.O-O dxc4 7.Qc2 a6 8.a4 Bd7
9.Qxc4 Bc6 10.Bg5 Bd5 11.Qc2 Be4 12.Qd1 c5 13.dxc5 Nbd7 14.Nc3 Bc6 15.b4 a5
16.b5 Bxf3 17.Bxf3 Nxc5 18.Qxd8 Rfxd8 19.Be3 Rac8 20.Bxc5 Rxc5 21.Ne4 Nxe4
22.Bxe4  1/2-1/2

[Event "Levikov Mem"]
[Site "Lviv UKR"]
[Date "2006.12.15"]
[Round "9"]
[White "Romanishin,O"]
[Black "Kravtsiv,M"]
[Result "1/2-1/2"]
[WhiteElo "2542"]
[BlackElo "2446"]

1.d4 Nf6 2.Nf3 e6 3.g3 d5 4.Bg2 Be7 5.c4 O-O 6.O-O dxc4 7.Qc2 a6 8.a4 Bd7
9.Qxc4 Bc6 10.Bg5 Bd5 11.Qd3 c5 12.Nc3 Bc6 13.Rfd1 Nbd7 14.e4 cxd4 15.Nxd4 Qa5
16.Bd2 Bb4 17.Nc2 Bxc3 18.Bxc3 Qh5 19.f3 Nc5 20.Qe3 Ncxe4 21.Be1 Ng5 22.Nd4 Nd5
23.Qe2 e5 24.Nxc6 bxc6 25.h4 Ne6 26.Bf2 Rfe8 27.Re1 f6 28.Qc4 Rec8 29.Rac1 Qf7
30.f4 h5 31.fxe5 f5 32.b4 f4 33.b5 axb5 34.axb5 fxg3 35.Bxg3 Ra3 36.Bh2 Ne3  1/2-1/2

[Event "XIX Carlos Torre Mem KO"]
[Site "Merida MEX"]
[Date "2006.12.20"]
[Round "3.2"]
[White "Ehlvest,J"]
[Black "Bruzon,L"]
[Result "1/2-1/2"]
[WhiteElo "2597"]
[BlackElo "2648"]

1.d4 Nf6 2.Nf3 e6 3.c4 d5 4.g3 Be7 5.Bg2 O-O 6.O-O dxc4 7.Qc2 a6 8.Qxc4 b5
9.Qc2 Bb7 10.Bd2 Be4 11.Qc1 Qc8 12.Bg5 c5 13.Nbd2 Bb7 14.dxc5 Qxc5 15.Qxc5 Bxc5
16.Rfc1 Bb6 17.Bxf6 gxf6 18.Ne1  1/2-1/2

[Event "XIX Carlos Torre Mem KO"]
[Site "Merida MEX"]
[Date "2006.12.20"]
[Round "3.4"]
[White "Ehlvest,J"]
[Black "Bruzon,L"]
[Result "0-1"]
[WhiteElo "2597"]
[BlackElo "2648"]

1.d4 Nf6 2.c4 e6 3.g3 d5 4.Nf3 Be7 5.Bg2 O-O 6.O-O dxc4 7.Qc2 a6 8.Qxc4 b5
9.Qc2 Bb7 10.Bd2 Ra7 11.Rd1 Nbd7 12.Ba5 Qa8 13.b4 Nb8 14.Qb2 Nc6 15.Bxc7 Nd5
16.Ba5 Nxa5 17.bxa5 Rc8 18.Ne1 Bc6 19.e4 Nf6 20.f3 Bd8 21.Nd2 Bxa5 22.Nb3 Bb6
23.Kh1 Rac7 24.Nd3 Be8 25.Rd2 h6 26.Rad1 Qa7 27.Nf4 Rc4 28.e5 Nh7 29.Re2 Nf8
30.d5 Be3 31.Nh5 exd5 32.Rxd5 Rc1+ 33.Nxc1 Rxc1+ 34.Bf1 Rxf1+ 35.Kg2 Rg1+
36.Kh3 Bd7+ 37.g4 Ne6 38.Rg2 Ng5+ 39.Kg3 Rf1 40.Rc2 Rxf3+ 41.Kg2 Bxg4 42.h4  0-1

[Event "44th National A ch-IND"]
[Site "Atul IND"]
[Date "2006.12.23"]
[Round "7"]
[White "Arun Prasad,S"]
[Black "Venkatesh,M"]
[Result "1/2-1/2"]
[WhiteElo "2424"]
[BlackElo "2466"]

1.Nf3 Nf6 2.c4 e6 3.g3 d5 4.Bg2 Be7 5.d4 O-O 6.O-O dxc4 7.Qc2 a6 8.Qxc4 b5
9.Qc2 Bb7 10.Bd2 Be4 11.Qc1 Nbd7 12.Ba5 Rc8 13.Nbd2 Ba8 14.Nb3 Qe8 15.Nc5 Nxc5
16.dxc5 Nd7 17.Bb4 Bd5 18.Nd4 a5 19.Bxd5 exd5 20.Bxa5 Bxc5 21.Qd2 Nf6 22.Nb3 Ba7
23.Bc3 Ne4 24.Qxd5 Nxc3 25.bxc3 Qxe2 26.a4  1/2-1/2

[Event "1st Open"]
[Site "Illes Medes ESP"]
[Date "2006.12.28"]
[Round "1"]
[White "Delchev,A"]
[Black "Lacrosse,M"]
[Result "1-0"]
[WhiteElo "2628"]
[BlackElo "2238"]

1.d4 d5 2.c4 e6 3.Nf3 Nf6 4.g3 Be7 5.Bg2 O-O 6.O-O dxc4 7.Qc2 a6 8.a4 Nc6
9.Qxc4 Qd5 10.Nbd2 Rd8 11.e3 a5 12.b3 Bd7 13.Bb2 Be8 14.Qe2 Qh5 15.h3 h6
16.Rac1 Rac8 17.Nc4 Nd5 18.e4 Ndb4 19.Rfd1 f6 20.Ne3 Bd6 21.h4 Qg6 22.Nc4 Bd7
23.d5 exd5 24.exd5 Re8 25.Qd2 Ne5 26.Nfxe5 fxe5 27.Nxa5 e4 28.Nc4 Nd3 29.Nxd6 Qxd6
30.Qc3 Re7 31.Rc2 Qxd5 32.Rcd2 Qf5 33.Re2 Nxb2 34.Qxb2 Bc6 35.b4 Rce8 36.Qb3+ Kh8
37.b5 Bd7 38.Rde1 c6 39.Qb4 cxb5 40.Rxe4 Rxe4 41.Rxe4 bxa4 42.Rf4 Qe6 43.Qxb7 a3
44.Qa7 a2 45.Kh2 Bb5 46.Re4 Qb3  1-0

[Event "Czech Christmas"]
[Site "Litomysl CZE"]
[Date "2006.12.28"]
[Round "3"]
[White "Cernousek,L"]
[Black "Kulovana,E"]
[Result "1-0"]
[WhiteElo "2408"]
[BlackElo "2263"]

1.d4 d5 2.Nf3 Nf6 3.c4 e6 4.g3 Be7 5.Bg2 O-O 6.O-O dxc4 7.Na3 Bxa3 8.bxa3 Bd7
9.Ne5 Bc6 10.Nxc6 Nxc6 11.Bb2 Qd6 12.e3 Rab8 13.a4 Nd5 14.Qc1 Qb4 15.e4 Nb6
16.d5 Nd8 17.Ba3 Qxa4 18.Bxf8 Kxf8 19.Qf4 Qd7 20.Rad1 Qe7 21.e5 exd5 22.Bxd5 Nxd5
23.Rxd5 b5 24.Qe4 g6 25.Rfd1 Ne6 26.Rd7 Qe8 27.Qh4 Kg8 28.Re7 Qc6 29.Qf6 Rf8
30.Rdd7 c3 31.Rxc7 Qd5 32.Rxc3 Nd4 33.e6 Nxe6 34.h4 Qxa2 35.Rcc7 Nd8 36.Red7 Qe6
37.Qd4 Qe1+ 38.Kh2 Ne6 39.Qf6  1-0

[Event "Masters"]
[Site "Singapore SIN"]
[Date "2006.12.30"]
[Round "9"]
[White "Tirto"]
[Black "Ji Dan"]
[Result "1-0"]
[WhiteElo "2429"]
[BlackElo "2250"]

1.d4 d5 2.c4 e6 3.Nf3 Nf6 4.g3 Be7 5.Bg2 O-O 6.O-O dxc4 7.Qc2 a6 8.a4 Bd7
9.Ne5 Bc6 10.Nxc6 Nxc6 11.e3 Na5 12.Nd2 c5 13.Nxc4 cxd4 14.Nxa5 Qxa5 15.Bxb7 Rab8
16.Bg2 Rfc8 17.Qe2 Bc5 18.exd4 Bxd4 19.Ra2 Nd5 20.Bd2 Rc2 21.b4 Qc7 22.Rxc2 Qxc2
23.Rc1 Qxa4 24.Bxd5 exd5 25.Qg4 Bxf2+ 26.Kxf2 Re8 27.Bh6 Qa2+ 28.Kg1 Qb2
29.Rc8 Rf8 30.Bc1 Qe5 31.Rxf8+ Kxf8 32.Qc8+ Ke7 33.Qc5+ Kd7 34.Be3 f6 35.Qd4 Qe6
36.Bf2 Qf5 37.g4 Qf3 38.Qa7+ Ke8 39.Qe3+ Qxe3 40.Bxe3 Kd7 41.Kf2 Kc6 42.Ke2 Kb5
43.Kd3 Kxb4 44.Kd4 Kb3 45.Kxd5 Kc3 46.Ke4 Kc4 47.Bc1 Kb4 48.Kd4 a5 49.Bd2+ Kb5
50.Kd5 a4  1-0

[Event "49th It"]
[Site "Reggio Emilia ITA"]
[Date "2006.12.31"]
[Round "2"]
[White "Borgo,G"]
[Black "Iordachescu,V"]
[Result "0-1"]
[WhiteElo "2420"]
[BlackElo "2564"]

1.Nf3 Nf6 2.c4 e6 3.g3 d5 4.d4 Be7 5.Bg2 O-O 6.O-O dxc4 7.Qc2 a6 8.Qxc4 b5
9.Qc2 Bb7 10.Nbd2 Nbd7 11.Nb3 c5 12.Nxc5 Nxc5 13.dxc5 Be4 14.Qb3 Bxc5 15.Be3 Bd5
16.Qd3 Rc8 17.Rfc1 Qe7 18.Bxc5 Rxc5 19.Qe3 Rfc8 20.Rxc5 Qxc5 21.Qxc5 Rxc5
22.Ne1 Kf8 23.Nd3 Rc4 24.Bxd5 Nxd5 25.Kf1 Ke7 26.Ke1 Kd6 27.Rd1 a5 28.a3 g5
29.Kd2 f5 30.Rc1 Rxc1 31.Nxc1 e5 32.f3 h5 33.Kd3 g4 34.Nb3 a4 35.Nd2 Nb6
36.Kc3 Kc5 37.b3 Nd5+ 38.Kd3 b4 39.bxa4 bxa3 40.e4 Kb4 41.Kc2 Ne3+ 42.Kb1 Nc4
43.Nxc4 Kxc4 44.fxg4 fxe4  0-1

[Event "Petrovskaya Ladya Open"]
[Site "Peterhof RUS"]
[Date "2007.01.03"]
[Round "1"]
[White "Chernenko,I"]
[Black "Borisovs,L"]
[Result "0-1"]
[WhiteElo "1734"]
[BlackElo "2099"]

1.d4 Nf6 2.c4 e6 3.g3 d5 4.Bg2 Be7 5.Nf3 O-O 6.O-O dxc4 7.Qc2 a6 8.Qxc4 b5
9.Qc2 Bb7 10.Bf4 Bd6 11.Bxd6 cxd6 12.Nbd2 Nbd7 13.e4 Rc8 14.Qd3 h6 15.Rac1 Rc7
16.Qb1 Rxc1 17.Rxc1 Qa8 18.e5 dxe5 19.dxe5 Nxe5 20.Nxe5 Bxg2 21.f3 Qd5 22.Kxg2 Qxd2+
23.Kh1 Qd5 24.Re1 Ng4 25.Nxg4 Qxf3+ 26.Kg1 Qxg4 27.Qd3 Qb4 28.Re2 Rc8 29.Rd2 Qc5+
30.Kg2 Qc4 31.Qb1 g6 32.b3 Qc1 33.Qd3 e5 34.Re2 Qc6+ 35.Kg1 Qe6 36.Qe3 Kg7
37.Qd2 Rc7 38.Qb2 f6 39.Rc2 Rd7 40.Qc1 Qd6 41.Kg2 f5 42.Qe1 Qd5+ 43.Kf2 Qd4+
44.Qe3 Qxe3+ 45.Kxe3 Rd6 46.Rc7+ Kf6 47.a4 bxa4 48.bxa4 Rb6 49.a5 Rd6 50.Rb7 Ke6
51.h3 g5 52.Rh7 Kd5 53.Rf7 f4+ 54.gxf4 gxf4+ 55.Kf3 Kd4 56.h4 Rd5 57.Rf6 Rxa5
58.Rxh6 Ra3+ 59.Kg4 Ke4 60.h5 Ra1 61.Rf6 Rg1+ 62.Kh4 a5 63.h6 Kf3 64.Rf5 e4
65.h7 Rh1+ 66.Kg5 Rxh7 67.Rxf4+ Ke3 68.Rf1 a4 69.Ra1 Ra7 70.Ra3+ Kd4 71.Kf4 Ra5
72.Kg3 Kc4 73.Re3 Re5 74.Kf4 Re8 75.Ra3 Kb4 76.Ra1 a3 77.Ke3 Kb3 78.Rb1+ Kc2
79.Rb6 Ra8 80.Rc6+ Kb3 81.Rb6+ Kc4 82.Rc6+ Kd5 83.Rc1 a2 84.Ra1 Ra3+ 85.Kd2 Kd4
86.Kc2 e3 87.Rd1+ Ke4 88.Ra1 Kf3  0-1

[Event "TCh-NOR 2006-7"]
[Site "Oslo NOR"]
[Date "2007.01.12"]
[Round "4"]
[White "Madsen,D"]
[Black "Tallaksen,G"]
[Result "0-1"]
[WhiteElo "2268"]
[BlackElo "2414"]

1.Nf3 Nf6 2.c4 e6 3.g3 d5 4.d4 Be7 5.Bg2 O-O 6.O-O dxc4 7.Qc2 a6 8.Qxc4 b5
9.Qc2 Bb7 10.Bg5 Nbd7 11.Bxf6 Nxf6 12.Nbd2 Rc8 13.Nb3 Be4 14.Qc3 Nd5 15.Qd2 Bb4
16.Qd1 c5 17.dxc5 Bxc5 18.Nxc5 Rxc5 19.Qd4 Rc4 20.Qa7 Qc8 21.Rfd1 Re8 22.Nd2 Re7
23.Qxe7 Nxe7 24.Nxe4 Rc2 25.b4 Nd5 26.a3 Rxe2 27.Nc5 g6 28.Rac1 Qd8 29.Bf3 Ra2
30.Ne4 Rxa3 31.Bg2 Qe7 32.Rc8+ Kg7 33.Nc5 Qf6 34.Ne4 Qb2 35.Nd6 Ra2 36.Ne8+ Kh6
37.Rf1 Ne3  0-1

[Event "Open A"]
[Site "Prague CZE"]
[Date "2007.01.13"]
[Round "3"]
[White "Splichal,S"]
[Black "Zvara,P"]
[Result "*"]
[WhiteElo "2253"]
[BlackElo "2417"]

1.d4 d5 2.Nf3 Nf6 3.c4 e6 4.g3 Be7 5.Bg2 O-O 6.O-O dxc4 7.Qc2 a6 8.a4 Bd7
9.Qxc4 Bc6 10.Bg5 Bd5 11.Qc1 Nc6 12.e3 Ne4 13.Bxe7 Qxe7 14.Nbd2 Rfd8 15.Nxe4 Bxe4
16.Qc3 Rd5 17.Ne5 Bxg2 18.Nxc6 bxc6 19.Kxg2 c5 20.dxc5 Rxc5 21.Qd3 a5 22.Rfd1 h5
23.Rac1 Rxc1 24.Rxc1 Rb8 25.Qc3 Qg5 26.Qc5 Qg6 27.Qd4 Rb4 28.Rc4 e5 29.Qd8+ Kh7
30.Qxc7 f6 31.Rxb4 axb4 32.Qc4 e4 33.Qc7 Qf5 34.Qf4 Qe6 35.a5 g5 36.Qc7+ Kh6
37.Qd8 b3 38.h3 Kg6 39.Qb6 Qe5 40.Qxb3 Qxa5 41.Qg8+ Kf5 42.Qh7+ Ke5 43.Qe7+ Kf5
44.Qh7+ Ke5 45.Qxh5 Qb5 46.h4 Qxb2 47.hxg5 Qb7 48.Qe8+  *

[Event "Open A"]
[Site "Prague CZE"]
[Date "2007.01.13"]
[Round "3"]
[White "Volodin,V"]
[Black "Manik,M"]
[Result "1/2-1/2"]
[WhiteElo "2230"]
[BlackElo "2463"]

1.Nf3 Nf6 2.c4 e6 3.g3 d5 4.d4 Be7 5.Bg2 O-O 6.O-O Nbd7 7.Qc2 c6 8.Nbd2 b6
9.e4 Bb7 10.b3 Rc8 11.Bb2 Ra8 12.Rfd1 Nxe4 13.Nxe4 dxe4 14.Qxe4 Nf6 15.Qe2  1/2-1/2

[Event "Open A"]
[Site "Prague CZE"]
[Date "2007.01.15"]
[Round "5"]
[White "Volodin,V"]
[Black "Csonka,A1"]
[Result "1/2-1/2"]
[WhiteElo "2230"]
[BlackElo "2298"]

1.Nf3 Nf6 2.c4 e6 3.g3 d5 4.d4 Be7 5.Bg2 O-O 6.O-O Nbd7 7.Qc2 c6 8.Nbd2 b6
9.e4 dxc4 10.Nxc4 Ba6 11.b3 Rc8 12.Rd1 h6 13.Bf4 Bxc4 14.bxc4 b5 15.e5 Ne8
16.c5 Nc7 17.Nd2 Nd5 18.Ne4 Nxf4 19.gxf4 f5 20.Nd6 Bxd6 21.cxd6 Nb6 22.Qb3 Nd5
23.Bxd5  1/2-1/2

[Event "5th Parsvnath Open"]
[Site "New Delhi IND"]
[Date "2007.01.17"]
[Round "5"]
[White "Rao,Sr"]
[Black "Venkatesh,M"]
[Result "1/2-1/2"]
[WhiteElo "2030"]
[BlackElo "2486"]

1.Nf3 Nf6 2.c4 e6 3.g3 d5 4.d4 Be7 5.Bg2 O-O 6.O-O dxc4 7.Qc2 a6 8.Qxc4 b5
9.Qc2 Bb7 10.Bg5 Be4 11.Qc1 Nbd7 12.Nbd2 Bd5 13.Bxf6 Nxf6 14.Qc2 Rc8 15.Nb3 c5
16.dxc5 a5 17.a4 bxa4 18.Rxa4 Nd7 19.Nfd4 Bxc5 20.Qd1 Bxg2 21.Kxg2 Bb4 22.Nf3 Nb6
23.Ra2 a4 24.Nc1 Qe7 25.Qd3 Rc5 26.Qb1 Rfc8 27.Nd3 R5c7 28.Nxb4 Qxb4 29.Rd1 g6
30.Ra1 Nc4 31.Qe4 Qb5 32.Nd4 Qc5 33.b3 Nd6 34.Qd3 Rd7 35.Nf3 axb3 36.Qxb3 Rcd8
37.Rac1 Qf5 38.Qa4 Qb5  1/2-1/2

[Event "5th Parsvnath Open"]
[Site "New Delhi IND"]
[Date "2007.01.18"]
[Round "6"]
[White "Sriram,J"]
[Black "Lalith,B"]
[Result "1/2-1/2"]
[WhiteElo "2419"]
[BlackElo "2284"]

1.d4 Nf6 2.c4 e6 3.g3 d5 4.Nf3 Be7 5.Bg2 O-O 6.O-O c5 7.cxd5 exd5 8.Nc3 Nc6
9.Bg5 Be6 10.dxc5 Bxc5 11.Bxf6 Qxf6 12.Nxd5 Qxb2 13.Nc7 Rad8 14.Qc1 Qxc1
15.Raxc1 b6 16.Nxe6 fxe6 17.e3 h6 18.Rfd1 Nb4 19.a4 Nd3 20.Rc2 Ne5 21.Rxd8 Nxf3+
22.Bxf3 Rxd8 23.a5 Kf7 24.Kg2 Kf6 25.Be2 Bb4 26.axb6 axb6 27.f4 Rd2 28.Rxd2  1/2-1/2